Petzi e o seu navio (Registo nº 1803)

Detalhes MARC
000 -Etiqueta do registo
Cabeçalho 00843nam a22002891 4500
005 - Identificador da versão
Campo de controlo 20240813121916.0
095 ## -
-- PTBN00092521
021 ## - Número do Depósito Legal
Código do país PT
Número 53198/92
100 ## - Dados gerais de processamento
Dados gerais de processamento 20070509d1992 cd y0pory5003 ba
102 ## - Pais de publicação ou produção
País de publicação Portugal
101 1# - Língua de publicação
Língua do texto, banda sonora, etc. Português
105 ## - Campo de dados codificados: livros
Dados codificados dos livros a t 000ay
215 ## - Descrição física 
Indicação específica da natureza do documento e extensão da espécie 31, [1] p.
Outras indicações físicas todo il.
Dimensões 24 cm
200 1# - Titulo e menção de responsabilidade
Título próprio Petzi e o seu navio
Primeira menção de responsabilidade Carla Hansen, Vilhelm Hansen
Outras menções de responsabilidade adapt. Casterman/ Carlsen
225 2# - Colecção 
Título próprio da colecção Petzi
Indicação de volume 1
210 ## - Publicação, Distribuição, etc. 
Lugar da edição, distribuição, etc. [Lisboa]
Nome do editor, distribuidor, etc. Difusão Verbo
Data da publicação, distribuição, etc. D.L. 1992
606 ## - Nome comum usado como assunto
Número de registo de entrada de autoridade 0000243
Palavra de ordem Literatura estrangeira infantil
Subdivisão de assunto Banda desenhada
675 ## - Classificação Decimal Universal (CDU)
Notação 82-9
Edição
Língua da edição por
702 #1 - Nome de autor-pessoa física (responsabilidade secundária)
Número de registo de entrada de autoridade 0000321
Palavra de ordem Casterman/ Carlsen
Código de função Adaptador
701 #1 - Nome de autor-pessoa física (co-responsabilidade principal)
Palavra de ordem Hansen
Outra parte do nome não tomada para palavra de ordem Vilhelm
700 #1 - Nome de autor-pessoa física (responsabilidade principal)
Número de registo de entrada de autoridade 0000319
Palavra de ordem Hansen
Outra parte do nome não tomada para palavra de ordem Carla
942 ## - Elementos de entrada adicionados (Koha)
Tipo de item no Koha Livro
Exemplares
Situação do levantamento Origin of item (home branch) (coded) Biblioteca de empréstimo Código de barras Cota Circulation type (not for loan) Tipo de documento Nota do exemplar Damaged status
  Biblioteca Escolar da Coca Maravilhas Biblioteca Escolar da Coca Maravilhas BECM1617/92 8BD PET   Livro Sem mensagem